Science Quiz

Random Science Quiz

Adding and Subtracting Negative Numbers Quiz Stats

 Plays Quiz not verified by Sporcle

Score 0/20 Timer 10:00
0 Plays Today
Hint Answer % Correct
5 -32
98.2%
-3 + 52
98.2%
30 - 12 - 16-2
98.2%
-3 - 5-8
90.9%
4 - - 48
90.9%
15 - 78
90.9%
- 5 - - 6 + 78
90.9%
-7 - 8-15
85.5%
19 + - 415
85.5%
12 + 1 - 14-1
85.5%
Hint Answer % Correct
6 + - 33
83.6%
9 - 54
80%
- 34 - - 25-9
80%
13 - 49
80%
-4 - 6 + 144
80%
-25 - 12-37
78.2%
17 - - 1330
78.2%
-16 - 5 + 4 -17
76.4%
9 - 18 - 11-20
72.7%
13 - 9 - 90-86
70.9%

You're not logged in!

Compare scores with friends on all Sporcle quizzes.
OR
Log In

Sporcle TV

Today on Sporcle TV


Watch our educational content, quiz creation guides, and fun videos on Sporcle TV.

Show Comments

Extras

Created Sep 1, 2017ReportNominate
Tags:negative, solve

Top Quizzes Today


Score Distribution

Your Account Isn't Verified!

In order to create a playlist on Sporcle, you need to verify the email address you used during registration. Go to your Sporcle Settings to finish the process.

Report this User

Report this user for behavior that violates our Community Guidelines.

Details: